Statistics for Guess the NBA Player

Click here to take the quiz!

General Stats

  • This quiz has been taken 18 times
  • The average score is 6 of 15

Answer Stats

YearsAnswer% Correct
(1996-2006) Minnesota TimberwolvesKevin Garnett
89%
1993-2011) Orlando MagicShaquille O'neal
67%
(1961-1974) Cincinnati RoyalsOscar Robertson
61%
(2004-2023) Miami HeatUdonis Haslem
61%
(2006-2024) New Orleans HornetsChris Paul
44%
(1968-1980) New York KnicksWalt Frazier
44%
(2005-2022) Orlando MagicDwight Howard
39%
(1997-2016) Charlotte HornetsKobe Bryant
33%
(1999-2020) Golden State WarriorsVince Carter
33%
(2003-2011) Houston RocketsYao Ming
33%
(1977-1997) Golden State WarriorsRobert Parish
22%
(2007-2022) Chicago BullsLaMarcus Aldridge
17%
(2002-2019) Atlanta HawksPau Gasol
17%
(2019-2024) Dallas MavericksTrae Young
17%
(2002-2018) Portland Trail BlazersZach Randolph
6%

Score Distribution

Percentile by Number Answered

Percent of People with Each Score

Your Score History

You have not taken this quiz